Centrálny depozitár prinesie nový prístup k službám
Postupná transformácia Strediska cenných papierov SR podľa zákona o cenných papieroch a investičných službách. Informácia o hospodárení Strediska cenných papierov (SCP) SR. Podiel služieb SCP SR v rokoch 1993-2002. Funkcia centrálneho depozitára a vymedzenie jeho úloh, nová filozofia vedenia účtov....
Gespeichert in:
| 1. Verfasser: | |
|---|---|
| Format: | Buchkapitel |
| Sprache: | Slowakisch |
| Schlagworte: | |
| Tags: |
Keine Tags, Fügen Sie das erste Tag hinzu!
|
MARC
| LEADER | 00000naa$a2200000$$$4500 | ||
|---|---|---|---|
| 001 | 0002295 | ||
| 005 | 20230925124114.4 | ||
| 041 | 0 | |a slo | |
| 044 | |a SK | ||
| 245 | 1 | 0 | |a Centrálny depozitár prinesie nový prístup k službám |c aut. Ľuboš Jančík |
| 520 | |a Postupná transformácia Strediska cenných papierov SR podľa zákona o cenných papieroch a investičných službách. Informácia o hospodárení Strediska cenných papierov (SCP) SR. Podiel služieb SCP SR v rokoch 1993-2002. Funkcia centrálneho depozitára a vymedzenie jeho úloh, nová filozofia vedenia účtov. Emisie zaknihovaných cenných papierov v SR. | ||
| 610 | 2 | 0 | |a burzovníctvo |
| 610 | 2 | 0 | |a trh peňažný |
| 610 | 2 | 0 | |a trh finančný |
| 610 | 2 | 0 | |a trh kapitálový |
| 610 | 2 | 0 | |a papiere cenné |
| 610 | 2 | 0 | |a banky centrálne |
| 610 | 2 | 0 | |a služby investičné |
| 610 | 2 | 0 | |a obchody burzové |
| 610 | 2 | 0 | |a emisia |
| 100 | 1 | |a Jančík, Ľuboš | |